00549nam a2200157Ia 4500008004100000020001300041041000800054082001700062100002600079245007100105260004400176300000800220650003400228999001900262952011000281210716s1987 xx 000 0 und d a70991464 aeng a005.135 NEWL aNewcomer, Lawrence R. aTheory and problems of programming with advanced structured cobol. aNew YorkbSchaum's outline seriesc1987 a350 aProgramming Languages(005.13) c181365d181365 001040708MCAaAIMITbAIMITd2021-07-16l0o005.135 NEWLpMCA00873r2025-07-21 00:00:00w2021-07-16yBK